000
00357nam a22001337a 4500
003
SGT
020
_a
9789351867265
082
_a
920
_b
A16S
100
_a
सत्यार्थी, कैलाश
245
_a
आज़ाद बचपन की ओर
260
_b
प्रभात प्रकाशन
_c
2016
300
_a
240
942
_2
ddc
_c
BK
999
_c
31944
_d
31944